Catálogo
 En Linea

Milagro en el Bronx y otros relatos / (Registro nro. 3221)

Detalles MARC
000 -CABECERA
campo de control de longitud fija 00573cam a2200181 a 4500
001 - NÚMERO DE CONTROL
campo de control 000003391
005 - FECHA Y HORA DE LA ÚLTIMA TRANSACCIÓN
campo de control 20200929150428.0
008 - DATOS DE LONGITUD FIJA--INFORMACIÓN GENERAL
campo de control de longitud fija 840217s1984 nyu 000 f spa
020 ## - NÚMERO INTERNACIONAL ESTÁNDAR DEL LIBRO
Número Internacional Estándar del Libro 0871392461
040 ## - FUENTE DE LA CATALOGACIÓN
Centro catalogador/agencia de origen DO-SdBNP
Lengua de catalogación spa
Centro/agencia transcriptor BNPHU
082 ## - NÚMERO DE LA CLASIFICACIÓN DECIMAL DEWEY
Número de clasificación 813.54
Número de documento/Ítem L925m
100 1# - ENTRADA PRINCIPAL--NOMBRE DE PERSONA
Nombre de persona López Heredia, José,
Fechas asociadas al nombre 1922-
9 (RLIN) 10564
245 10 - MENCIÓN DE TÍTULO
Título Milagro en el Bronx y otros relatos /
Mención de responsabilidad, etc. José López Heredia.
260 ## - PUBLICACIÓN, DISTRIBUCIÓN, ETC.
Lugar de publicación, distribución, etc. New York, N.Y. :
Nombre del editor, distribuidor, etc. Las Américas,
Fecha de publicación, distribución, etc. 1984.
300 ## - DESCRIPCIÓN FÍSICA
Extensión 159 p. ;
Dimensiones 22 cm.
650 #4 - PUNTO DE ACCESO ADICIONAL DE MATERIA--TÉRMINO DE MATERIA
Término de materia o nombre geográfico como elemento de entrada Novela estadounidense
9 (RLIN) 262
650 #4 - PUNTO DE ACCESO ADICIONAL DE MATERIA--TÉRMINO DE MATERIA
Término de materia o nombre geográfico como elemento de entrada Literatura estadounidense
Subdivisión cronológica SIGLO XXI
9 (RLIN) 10565
Existencias
Estado de retiro Estado de pérdida Restricciones de uso No para préstamo Código de colección Localización permanente Ubicación/localización actual Ubicación en estantería Fecha de adquisición Número de inventario Total de préstamos Signatura topográfica completa Código de barras Fecha visto por última vez Precio válido a partir de Tipo de ítem Koha
    Préstamo interno   Monografías: Libros y Folletos General General En catalogación 08.07.2009 LF1   813.54 L925m 3391-10 25.06.2020 25.06.2020 Préstamo interno

Con tecnología Koha